Praktikum z cenového rozhodovania v marketingu

Guardado en:
Detalles Bibliográficos
Autor principal: Lipianska, Júlia
Autor Corporativo: Ekonomická univerzita v Bratislave. Obchodná fakulta
Otros Autores: Hasprová, Mária, 1970-, Žák, Štefan, 1971-, Pajtinková - Bartáková, Gabriela
Formato: Libro
Lenguaje:eslovaco
Publicado: Bratislava Vydavateľstvo EKONÓM 2013
Edición:1. vyd.
Materias:
Etiquetas: Agregar Etiqueta
Sin Etiquetas, Sea el primero en etiquetar este registro!

MARC

LEADER 00000nam a2200000 4500
001 0178063
005 20240502073028.4
020 |a 978-80-225-3696-7 
041 0 |a slo 
044 |a SK 
245 1 0 |a Praktikum z cenového rozhodovania v marketingu  |c Júlia Lipianska, Mária Hasprová ; recenzenti Štefan Žák, Gabriela Pajtinková - Bartáková 
250 |a 1. vyd. 
264 1 |a Bratislava  |b Vydavateľstvo EKONÓM  |c 2013 
300 |a 135 s. [6,51 AH] 
610 2 0 |a marketing 
610 2 0 |a tvorba cien 
610 2 0 |a politika cenová 
610 2 0 |a rozhodovanie strategické 
610 2 0 |a rozhodovanie finančné 
610 2 0 |a kalkulácia 
100 1 |a Lipianska, Júlia 
700 1 |a Hasprová, Mária, 1970- 
700 1 |a Žák, Štefan, 1971- 
700 1 |a Pajtinková - Bartáková, Gabriela 
710 2 |a Ekonomická univerzita v Bratislave. Obchodná fakulta